Romanian players in European Big Five (2000-) - Statistics

General Stats
  • This quiz has been taken 30 times
  • The average score is 29 of 98
Answer Stats
Ranking Player Positions Nationality Matches Goals (assists) Periods Clubs % Correct
2 Adrian Mutu MF, FW 325 119 (49) 2000-2014
89%
67 Denis Drăguș MF, FW 9 0 (0) 2020-2021
89%
27 Radu Drăgușin DF 65 2 (1) 2020-2021, 2023-2025
89%
1 Ștefan Radu DF 349 5 (10) 2007-2023
89%
6 Ciprian Tătărușanu GK 170 0 (1) 2014-2023
85%
3 Cristian Chivu DF 200 9 (8) 2003-2013
85%
52 Ianis Hagi MF, FW 24 0 (2) 2016-2017, 2023-2024
85%
96 Ionuț Andrei Radu GK 1 0 (0) 2015-2016
85%
16 Ionuț Radu GK 96 0 (1) 2018-2025
85%
19 Sergiu Radu FW 82 18 (4) 2003-2004, 2006-2009
85%
10 Vlad Chiricheș DF 137 6 (1) 2013-2023
81%
28 Costel Pantilimon GK 60 0 (0) 2013-2018
70%
32 Dennis Man MF, FW 47 6 (5) 2020-2021, 2024-2025
70%
7 Răzvan Marin MF 169 8 (20) 2020-2025
70%
43 Răzvan Raț DF 35 0 (0) 2013-2014, 2015-2016
67%
9 Alexandru Maxim MF, FW 140 14 (24) 2012-2015, 2017-2020
63%
8 Ciprian Marica FW 154 30 (14) 2007-2014
63%
13 Florin Andone FW 117 28 (5) 2014-2015, 2016-2019, 2021-2022
63%
38 Valentin Mihaila MF, FW 42 3 (3) 2020-2021, 2024-2025
52%
39 Bogdan Lobonț GK 39 0 (0) 2005-2006, 2009-2013
48%
4 Cosmin Contra DF, MF 189 10 (24) 2000-2010
48%
35 Adrian Ilie MF, FW 42 8 (1) 2000-2003
44%
31 Andrei Ratiu DF, MF, FW 47 2 (3) 2023-2025
44%
37 Gheorghe Popescu DF, FW 42 4 (2) 2001-2003
44%
79 Ștefan Popescu DF 6 0 (0) 2013-2014
44%
68 Florinel Coman MF, FW 9 1 (0) 2024-2025
41%
78 Rareş Ilie MF, FW 6 0 (0) 2022-2023, 2024-2025
41%
65 Sabin Ilie FW 10 0 (0) 2000-2001
41%
48 Cătălin Munteanu MF 29 1 (0) 2001-2002, 2003-2004
37%
49 Dan Petrescu DF 28 3 (2) 2000-2002
37%
20 Dorinel Munteanu MF 77 8 (13) 2000-2004
37%
24 Viorel Moldovan FW 69 31 (5) 2000-2004
37%
26 Vlad Munteanu MF 67 13 (5) 2006-2009
37%
54 George Pușcaș MF, FW 23 1 (0) 2014-2015, 2017-2018, 2023-2024
33%
41 Alin Toșca DF 36 0 (0) 2016-2018
30%
83 Denis Alibec FW 3 0 (0) 2010-2011, 2013-2014
30%
14 Gabriel Tamaș DF 101 0 (2) 2006-2007, 2010-2013
30%
25 Gabriel Torje MF, FW 67 5 (1) 2011-2014
30%
63 Razvan Sava GK 12 0 (0) 2024-2025
30%
36 Bănel Nicoliță MF 42 4 (7) 2011-2014
26%
15 Gheorghe Craioveanu FW 96 9 (8) 2000-2001, 2004-2006
26%
18 Ionel Ganea FW 94 30 (10) 2000-2004
26%
98 Raul Rusescu MF, FW 1 0 (0) 2013-2014
26%
21 Claudiu Keșerü FW 76 12 (3) 2004-2006, 2008-2009, 2013-2014
22%
94 Cristian Ganea DF 1 0 (0) 2018-2019
22%
46 Daniel Boloca MF 30 1 (0) 2023-2024
22%
5 Daniel Niculae FW 178 29 (16) 2006-2012
22%
64 Florin Gardoș DF, MF 10 0 (0) 2014-2015
22%
62 Florin Răducioiu FW 12 2 (1) 2000-2002
22%
77 Marius Niculae FW 6 0 (0) 2006-2007
22%
23 Maximilian Nicu DF, MF 70 3 (8) 2008-2012
22%
90 Ciprian Deac MF, FW 2 0 (0) 2010-2011
19%
58 Claudiu Răducanu FW 16 3 (2) 2003-2005
19%
40 Cristian Săpunaru DF 37 3 (0) 2012-2014
19%
50 Dragoș Grigore DF 27 0 (0) 2014-2015
19%
59 Alexandru Mitriță MF, FW 15 1 (2) 2016-2017
15%
22 Constantin Gâlcă MF 70 4 (6) 2000-2003
15%
12 Laurențiu Reghecampf MF 118 13 (13) 2000-2002, 2006-2007
15%
80 Mihai Roman MF, FW 5 0 (0) 2013-2014
15%
85 Nicolae Dică MF, FW 3 0 (0) 2008-2009
15%
88 Adrian Piț MF 2 0 (0) 2009-2010
11%
17 Adrian Stoian MF, FW 95 8 (7) 2008-2009, 2012-2013, 2016-2018
11%
71 Alexandru Ioniță FW 8 0 (0) 2010-2011
11%
93 Andreas Ivan MF 1 0 (0) 2022-2023
11%
82 Cosmin Moți DF 4 0 (0) 2008-2009
11%
47 Dorin Goian DF 30 1 (0) 2009-2011
11%
29 Iulian Filipescu DF 59 3 (1) 2001-2002, 2007-2008
11%
53 László Sepsi DF 24 0 (0) 2008-2010
11%
30 Laurențiu Roșu MF, FW 58 11 (4) 2000-2001, 2006-2008
11%
55 Mihai Dobre DF, FW 22 0 (0) 2020-2021
11%
11 Paul Codrea DF, MF 133 3 (5) 2003-2004, 2005-2012
11%
61 Paul Papp DF 14 1 (0) 2012-2014
11%
73 Aurelian Chițu MF, FW 7 0 (0) 2013-2014
7%
57 Bogdan Pătrașcu MF 16 0 (1) 2001-2002, 2008-2009
7%
56 Claudiu Niculescu FW 17 4 (1) 2007-2008
7%
91 Cristian Melinte DF 2 0 (0) 2009-2010
7%
66 Cristian Pulhac DF 9 0 (0) 2010-2011
7%
42 Florin Bratu FW 35 3 (2) 2004-2005, 2006-2007
7%
69 Ianis Zicu MF, FW 9 0 (1) 2003-2005
7%
76 Marius Alexe MF, FW 6 0 (0) 2013-2014
7%
45 Marius Baciu DF 33 1 (0) 2002-2004
7%
33 Mihai Tararache MF 46 5 (0) 2005-2006, 2007-2008
7%
74 Ovidiu Burcă DF 7 0 (0) 2008-2009
7%
81 Rareș-Cătălin Burnete FW 5 0 (1) 2023-2025
7%
70 Ümit Akdag DF 9 0 (0) 2024-2025
7%
34 Valentin Năstase DF 45 0 (1) 2004-2005, 2006-2007
7%
89 Andres Sfait DF, MF 2 0 (0) 2023-2024
4%
75 Dan Nistor MF 6 0 (0) 2013-2014
4%
95 Deian Boldor DF 1 0 (0) 2017-2018
4%
84 Dennis Șerban MF 3 0 (0) 2001-2002
4%
51 Emil Jula FW 27 4 (0) 2008-2009
4%
87 Tony Strata DF, MF 3 0 (0) 2022-2023
4%
44 Bogdan Mara MF, FW 34 0 (3) 2001-2003
0%
72 Constantin Barbu MF 8 0 (0) 2000-2001
0%
60 Constantin Nica DF 15 0 (0) 2013-2015
0%
97 Mircea Ţîrlea DF 1 0 (0) 2021-2022
0%
86 Romario Benzar DF 3 0 (0) 2019-2020
0%
92 Sergiu Suciu MF 2 0 (0) 2008-2009, 2012-2013
0%
No matching quizzes found
Score Distribution
Percent of People with Each Score
Percentile by Number Answered
Your Score History
You have not taken this quiz